How to Prepare for the GRE, Graduate Record Examination / (Record no. 8557)
[ view plain ]
| 000 -LEADER | |
|---|---|
| fixed length control field | 01184nac a22002771u 4500 |
| 008 - FIXED-LENGTH DATA ELEMENTS--GENERAL INFORMATION | |
| fixed length control field | 101104t xxu||||| |||| 00| 0 eng d |
| 010 ## - LIBRARY OF CONGRESS CONTROL NUMBER | |
| LC control number | 2003267704 |
| 020 ## - INTERNATIONAL STANDARD BOOK NUMBER | |
| International Standard Book Number | 0764176293 (with CD-ROM) |
| 020 ## - INTERNATIONAL STANDARD BOOK NUMBER | |
| International Standard Book Number | 0764124560 (CD-ROM) |
| 082 04 - DEWEY DECIMAL CLASSIFICATION NUMBER | |
| Classification number | 378.1662 |
| Item number | GRE |
| 100 ## - MAIN ENTRY--PERSONAL NAME | |
| Personal name | Green, Sharon, |
| 9 (RLIN) | 20955 |
| 245 10 - TITLE STATEMENT | |
| Title | How to Prepare for the GRE, Graduate Record Examination / |
| Statement of responsibility, etc | Sharon Weiner Green, Ira K. Wolf. |
| 246 3# - VARYING FORM OF TITLE | |
| Title proper/short title | Barron's how to prepare for the GRE, Graduate Record Examination |
| 246 3# - VARYING FORM OF TITLE | |
| Title proper/short title | How to prepare for the GRE Test : |
| Remainder of title | Graduate Record Examination with CD-ROM |
| 250 ## - EDITION STATEMENT | |
| Edition statement | 15th ed. |
| 260 ## - PUBLICATION, DISTRIBUTION, ETC. (IMPRINT) | |
| Place of publication, distribution, etc | Hauppauge, N.Y. : |
| Name of publisher, distributor, etc | Barron's, 2003. |
| Date of publication, distribution, etc | c2003. |
| 300 ## - PHYSICAL DESCRIPTION | |
| Extent | vi, 536 p. : |
| Other physical details | ill. ; |
| Dimensions | 28 cm. + |
| Accompanying material | 1 CD-ROM (4 3/4 in.) |
| 500 ## - GENERAL NOTE | |
| General note | At head of title: Barron's |
| 500 ## - GENERAL NOTE | |
| General note | Distributer: Al-Ahram |
| 511 ## - PARTICIPANT OR PERFORMER NOTE | |
| Participant or performer note | Catalogued by: Sara |
| 538 ## - SYSTEM DETAILS NOTE | |
| System details note | System requirements for accompanying CD-ROM: Windows 95/98/NT/2000; Macintosh. |
| 650 #0 - SUBJECT ADDED ENTRY--TOPICAL TERM | |
| 9 (RLIN) | 20956 |
| Topical term or geographic name as entry element | Graduate Record Examination |
| Form subdivision | Study guides |
| 700 1# - ADDED ENTRY--PERSONAL NAME | |
| Personal name | Wolf, Ira K. |
| 9 (RLIN) | 20957 |
| 856 42 - ELECTRONIC LOCATION AND ACCESS | |
| Materials specified | Publisher description |
| Uniform Resource Identifier | <a href="http://www.loc.gov/catdir/description/barrons041/2003267704.html">http://www.loc.gov/catdir/description/barrons041/2003267704.html</a> |
| 942 ## - ADDED ENTRY ELEMENTS (KOHA) | |
| Item type | Book - Borrowing |
| Call number prefix | 378.1662 GRE |
| Source of classification or shelving scheme | Dewey Decimal Classification |
| Withdrawn status | Item status | Source of classification or shelving scheme | Damaged status | Not for loan | Home library | Current library | Shelving location | Date acquired | Source of acquisition | Total Checkouts | Total Renewals | Full call number | Barcode | Date last seen | Date last borrowed | Koha item type | Vendor |
|---|---|---|---|---|---|---|---|---|---|---|---|---|---|---|---|---|---|
| Dewey Decimal Classification | Central Library | Central Library | First floor | 08/03/2012 | Purchase | 15 | 37 | 378.1662 GRE | 000010333 | 15/07/2025 | 28/11/2020 | Book - Borrowing | |||||
| Dewey Decimal Classification | Central Library | Central Library | First floor | 04/11/2010 | 8 | 5 | 378.1662 GRE | 000022504 | 24/08/2022 | 28/11/2020 | CD | DVD - With book |